| 000 | 00533nam a2200229Ia 4500 | ||
|---|---|---|---|
| 003 | OSt | ||
| 005 | 20221005124348.0 | ||
| 006 | a|||||r|||| 00| 0 | ||
| 007 | ta | ||
| 008 | 221004b |||||||| |||| 00| 0 mal d | ||
| 024 | _a52955 | ||
| 037 | _cTextual | ||
| 040 |
_aCRL _cCRL _bmal |
||
| 041 |
_2mal _amal |
||
| 082 | _aK, 32K2.1-.6 | ||
| 100 | _aPillai | ||
| 245 | 0 | _aMrigasalayil | |
| 260 | _c1962 | ||
| 650 | _aZOOLOGY | ||
| 942 |
_hK, 32K2.1-.6 _cTEXL _2cc |
||
| 999 |
_c1050242 _d1050242 |
||